000 00468nam a2200217Ia 4500
008 101110s9999 xx 000 0 und d
041 _aMARATHI
082 _bSR30533
100 _aBhatkal Ramdas
245 _aMohanmaya
260 _c2007
_bMauj prakashan,Mumbai
300 _a311
365 _b250
520 _aMarathi
546 _aMARATHI
630 _aMohanmaya
650 _aMarathi
655 _aMarathi
730 _aMohanmaya
942 _cBOOK
999 _c823037
_d823034